000 00390nam a2200157Ia 4500
003 OSt
005 20240102050239.0
008 170524s9999 xx 000 0 und d
020 _a0761994327
040 _ciimt university meerut
100 _aPAREEK- UDAI- LYNTON
100 _c200
245 0 _aTRAINING FOR ORGANISATIONAL TRANSFORMATION
260 _aSAGE PUBLICATION
942 _2ddc
_c02
999 _c2169
_d2169